00623nam a2200169Ia 4500008004100000100002200041245010900063245005400172260005900226260000900285300000800294650001800302650001500320856002600335999001900361952007300380170221s9999 xx 000 0 und d aFariba Azizzadeh. aVirtual Communities of Police Service Support: Providing SWOT Model in Line with the Order and Security  cFariba Azizzadeh, Yosef Latifi, Samira Azizzadeh. bOnline Journal of Communication and Media Technologies c2013 a1 : xCommunication xMedia Arts uhttp://www.ojcmt.net/ c308823d308823 001040aCLbCLd2017-02-21l0r2017-02-21 00:00:00w2017-02-21yFOJ